000 00554nam a2200205 a 4500
001 19754
003 CO-ViMGA
008 141112s2004 ck r 000 u spa d
020 _a8449300223
040 _aCO-ViMGA
_bspa
_cCO-ViMGA
082 0 4 _a371.335 F373t
100 1 _aFerres, Joan
_928594
245 1 0 _aTelevisión y Educación
260 _aBarcelona :
_bPaidos,
_c1994
300 _a234 p.
490 _aPapeles de pedagogía
590 _aForma de adquisición : Premio Mincultura
650 1 4 _aTELEVISIÓN EDUCATIVO
_928595
942 _2ddc
_cBK
999 _c28889
_d28889